|
|
|
|
| LEADER |
01797nam a22002897a 4500 |
| 003 |
GR-PaULI |
| 005 |
20240416063318.0 |
| 008 |
171011s2004 enka|||f |||| 00| 0 eng d |
| 952 |
|
|
|0 0
|1 0
|2 ddc
|4 0
|6 720_103000000000000_MIL
|7 0
|9 216022
|a ARCH
|b ARCH
|c BSC
|d 2017-10-11
|i 010748
|l 1
|o 720.103 MIL
|p 025000214142
|r 2023-03-07 00:00:00
|s 2023-03-01
|t 1
|v 2017.00
|w 2017-10-11
|y BK15
|
| 952 |
|
|
|0 0
|1 0
|2 ddc
|4 0
|6 720_103000000000000_MIL
|7 0
|9 356858
|a ARCH
|b ARCH
|c BSC
|d 2022-02-24
|i 013940
|l 0
|o 720.103 MIL
|p 025000215625
|r 2022-02-24 00:00:00
|t 2
|w 2022-02-24
|y BK15
|
| 999 |
|
|
|c 131110
|d 131110
|
| 020 |
|
|
|a 0415266882
|q χαρτόδετο
|
| 020 |
|
|
|a 0415266874
|q σκληρόδετο
|
| 040 |
|
|
|a GR-PaULI
|b gre
|c GR-PaULI
|e AACR2
|
| 082 |
0 |
4 |
|a 720.103
|2 23
|
| 100 |
1 |
|
|9 27367
|a Miles, Malcolm
|e συγγραφέας.
|
| 245 |
1 |
0 |
|a Urban Avant-Gardes :
|b art, architecture and change /
|c Malcolm Miles
|
| 260 |
|
|
|a London ;
|a New York, NY :
|b Routledge,
|c 2004.
|
| 300 |
|
|
|a xiv, 272 σ. :
|b εικ. ;
|c 18 εκ.
|
| 504 |
|
|
|a Περιλαμβάνει βιβλιογραφικές αναφορές και ευρετήριο.
|
| 505 |
0 |
|
|a 1871: spitting on Napoleon -- 1912: red flags and revolutionary anthems -- 1938: graffiti at Cap-Martin -- 1967: the end of Utopia -- 1989: after the wall -- (i): in memories of dark times -- (ii): participation and provocation -- (i): sustainabilities -- (ii): Cosmopolis.
|
| 650 |
|
0 |
|a Τέχνη και κοινωνία
|9 30728
|
| 650 |
|
4 |
|9 6538
|a Αρχιτεκτονική και κοινωνία
|
| 650 |
|
4 |
|9 6703
|a Πολεοδομικός σχεδιασμός
|x Κοινωνικές απόψεις
|
| 650 |
|
4 |
|9 104444
|a Πολεοδομικός σχεδιασμός
|x Περιβαλλοντικοί παράγοντες
|
| 942 |
|
|
|2 ddc
|c BK15
|
| 998 |
|
|
|c ΚΗΠΟΥΡΓΟΥ
|d 2017-10
|